000 00959nam a2200205 i 4500
001 140116
003 ES-MaACL
005 20250416222539.0
007 t|
008 070214s1948 sp r ||||1| spa d
100 1 _aSedó Peris-Mencheta, Juan (
_d1908-1966)
_9105075
245 1 0 _aContribución a la Historia del coleccionismo cervantino y caballeresco
_b: discurso leido el día 14 de marzo de 1948 en la recepción pública [en la Real Academia de Buenas Letras] de D. Juan Sedó Peris-Mencheta, y la contestación del académico numerario D. Martín de Riquer.
260 _aBarcelona :
_bHorta de I. y E.,
_c1948 (
_fImp. de la Casa Provincial de Caridad)
300 _a32 p. ;
_c26 cm.
600 1 4 _aCervantes Saavedra, Miguel de,
_d1547-1616
_9226514
700 1 _aRiquer, Martín de,
_d1914-2013
_9240061
710 2 _aReial Acadèmia de Bones Lletres de Barcelona.
_9176228
852 _aES-MaACL
_j2043-F-24
_bR.5617134481
999 _c140116
_d140116